Logo BPK

Biblioteka

Politechniki Koszalińskiej

Wybrane zagadnienia analizy właściwości mechanicznych niektórych konstrukcyjnych termoutwardzalnych tworzyw wzmacnianych / (Rekord nr 22860)

Szczegóły MARC
000 -ETYKIETA REKORDU
podpole kontrolne o stałej długości 01344nam a2200349 i 4500
001 - NUMER KONTROLNY REKORDU
pole kontrolne 22860
003 - IDENTYFIKATOR NUMERU KONTROLNEGO REKORDU
podpole kontrolne KOSZ 005
005 - DATA OSTATNIEJ MODYFIKACJI REKORDU
podpole kontrolne 20220322150456.0
008 - POLE O STAŁEJ DŁUGOŚCI - DANE KONTROLNE
podpole kontrolne o stałej długości 990506s1983 pl a f |000 0 pol
015 ## - NUMER BIBLIOGRAFII NARODOWEJ
Numer bibliografii narodowej PB 1984/843
035 ## - NUMER SYSTEMOWY
Numer systemowy przejętego rekordu (OCoLC)749733843
040 ## - ŹRÓDŁO KATALOGOWANIA
Instytucja, która sporządziła opis WA N
Instytucja, która utworzyła rekord WA N
Instytucja, która dokonała modyfikacji KOSZ 005/HR
041 0# - KOD JĘZYKA
Kod języka tekstu pol
046 ## - DATY KODOWANE
Pojedyncza data lub początek okresu powstania dzieła lub zbioru dzieł 1983
080 ## - UNIWERSALNA KLASYFIKACJA DZIESIĘTNA - UKD
UKD 678
080 ## - UNIWERSALNA KLASYFIKACJA DZIESIĘTNA - UKD
UKD 677
100 1# - NAZWA OSOBOWA
Nazwa osobowa Romanowski, Stanisław
Daty związane z nazwą (1947- )
Określenie rodzaju współpracy Autor
245 10 - TYTUŁ/ODPOWIEDZIALNOŚĆ
Tytuł Wybrane zagadnienia analizy właściwości mechanicznych niektórych konstrukcyjnych termoutwardzalnych tworzyw wzmacnianych /
Pozostałe elementy strefy tytułu i oznaczenia odpowiedzialności Stanisław Romanowski.
260 ## - STREFA ADRESU WYDAWNICZEGO
Miejsce wydania Lublin :
Nazwa wydawcy/dystrybutora Wydawnictwa Uczelniane PL,
Data publikacji, dystrybucji/powstania dokumentu 1983.
300 ## - STREFA OPISU FIZYCZNEGO
Objętość 195 s. :
Inne cechy fizyczne fot., rys., wykr. ;
Rozmiary 24 cm.
380 ## - FORMA I TYP PUBLIKACJI
Forma i typ publikacji Książki.
388 ## - CZAS POWSTANIA
Czas powstania 1901-2000
388 ## - CZAS POWSTANIA
Czas powstania 1945-1989
490 1# - STREFA SERII I DOKUMENTU WIELOCZĘŚCIOWEGO - FORMA NIE DO WYSZUKIWANIA
Tytuł i oznaczenie odpowiedzialności serii Prace Instytutu Technologii i Eksploatacji Maszyn / Politechnika Lubelska. Seria A, [Rozprawy i Studia],
ISSN 0239-5851 ;
Numeracja w obrębie serii nr 12.
504 ## - UWAGA DOTYCZĄCA BIBLIOGRAFII
Informacje o bibliografii Bibliogr. s. 187-195.
650 #4 - HASŁO PRZEDMIOTOWE W FORMIE NAZWY OGÓLNEJ LUB JEDNOSTKOWEJ
Nazwa ogólna lub geograficzna Laminaty
650 #4 - HASŁO PRZEDMIOTOWE W FORMIE NAZWY OGÓLNEJ LUB JEDNOSTKOWEJ
Nazwa ogólna lub geograficzna Tworzywa konstrukcyjne
658 ## - TERMIN INDEKSOWY - PRZEDMIOT PROGRAMU NAUCZANIA
Główny przedmiot programu nauczania Inżynieria i technika
830 #0 - HASŁO DODATKOWE SERII LUB DOKUMENTU WIELOCZĘŚCIOWEGO - TYTUŁ UJEDNOLICONY
Tytuł ujednolicony Prace Instytutu Technologii i Eksploatacji Maszyn - Politechnika Lubelska.
Oznaczenie części/sekcji dzieła Seria A,
Nazwa części/sekcji dzieła Rozprawy i Studia
Oznaczenie tomu nr 12
856 ## - LOKALIZACJA I DOSTĘP DO ELEKTRONICZNYCH DOKUMENTÓW ZDALNYCH
Link (URL) http://koha.tu.koszalin.pl/cgi-bin/koha/opac-detail.pl?biblionumber=22860
Tekst linku Katalog online BPK
942 ## - DODATKOWE ELEMENTY (KOHA)
Schemat klasyfikacji Uniwersalna Klasyfikacja Dziesiętna
Typ dokumentu Książka
Egzemplarze
Wycofany Status egzemplarza Uszkodzony Dostępność Lokalizacja stała Lokalizacja bieżąca Miejsce przechowywania Sygnatura Kod kreskowy Typ dokumentu
      Dostępny Biblioteka Politechniki Koszalińskiej Biblioteka Politechniki Koszalińskiej Wypożyczalnia BG 32137 01560831 Książka
      Dostępny Biblioteka Politechniki Koszalińskiej Biblioteka Politechniki Koszalińskiej Wypożyczalnia BG 32311 01473278 Książka
© 2023 Biblioteka Politechniki Koszalińskiej :: KOHA